000 00494nam a2200145Ia 4500
008 151213s9999 xx 000 0 und d
100 _aমো: আকরাম খাঁ
245 _aমোস্তফা চরিত
_cমো: আকরাম খাঁ
260 _aঢাকা
_bকাকলী বুক প্রকাশনী।
_c2010
300 _a10965 p.
650 _aBangla
650 _aইসলামী বই
700 _aমো: আকরাম খাঁ
999 _c4937
_d4937